[Event "zonal 1.7"]
[Site "Mezezers LAT"]
[Date "2000.06.10"]
[Round "5"]
[White "Slapikas, Vytautas"]
[Black "Rotsagov, Mihhail"]
[Result "1-0"]
[WhiteElo "2423"]
[BlackElo "2542"]
[EventDate "2000.06.03"]
[PlyCount "51"]

1.e4 c5 2.c3 d5 3.exd5 Qxd5 4.d4 Nf6 5.Nf3 Bg4 6.Qa4+ Nbd7 7.Ne5 O-O-O 8.
Nxd7 Qxd7 9.Qxa7 cxd4 10.f3 e5 11.cxd4 Bb4+ 12.Bd2 Qe7 13.Be2 Rxd4 14.Bxb4
Qxb4+ 15.Nc3 Rdd8 16.fxg4 Qf4 17.Qa8+ Kc7 18.Nb5+ Kc6 19.Qa5 Nd5 20.Rd1 b6
21.Qd2 Qxd2+ 22.Rxd2 Ne3 23.Rxd8 Rxd8 24.Kf2 Nxg4+ 25.Bxg4 Kxb5 26.Rd1 1-0

[Event "zonal 1.7"]
[Site "Mezezers LAT"]
[Date "2000.06.11"]
[Round "6"]
[White "Butnorius, Algimantas"]
[Black "Rotsagov, Mihhail"]
[Result "1/2-1/2"]
[WhiteElo "2434"]
[BlackElo "2542"]
[EventDate "2000.06.03"]
[PlyCount "35"]

1.c4 e5 2.Nc3 Nf6 3.g3 d5 4.cxd5 Nxd5 5.Bg2 Nb6 6.Nf3 Nc6 7.O-O Be7 8.d3 
O-O 9.Be3 Be6 10.Qc1 Nd5 11.Rd1 Nxe3 12.Qxe3 Bf6 13.Ne4 Bd5 14.Rac1 Re8 
15.h4 h6 16.a3 Nd4 17.Nxd4 exd4 18.Nxf6+ 1/2-1/2

[Event "zonal 1.7"]
[Site "Mezezers LAT"]
[Date "2000.06.11"]
[Round "6"]
[White "Cmilyte, Viktorija"]
[Black "Meijers, Viesturs"]
[Result "0-1"]
[WhiteElo "2329"]
[BlackElo "2482"]
[EventDate "2000.06.03"]
[PlyCount "104"]

1.d4 d5 2.c4 e6 3.Nf3 Nf6 4.Nc3 b6 5.cxd5 exd5 6.Bg5 Be7 7.e3 O-O 8.Bd3 
Nbd7 9.Qc2 Bb7 10.h4 c5 11.O-O-O c4 12.Bf5 g6 13.Bxd7 Qxd7 14.Ne5 Qe6 15.
f4 Rfe8 16.Bxf6 Bxf6 17.h5 g5 18.Rdf1 h6 19.Rh3 Re7 20.Rhf3 Rf8 21.fxg5 
Bxe5 22.dxe5 Qxe5 23.Qd2 Qxg5 24.Ne2 Kh8 25.Nd4 Bc8 26.Nc6 Re4 27.Rxf7 
Rxf7 28.Rxf7 Bg4 29.Rf4 Rxf4 30.exf4 Qxh5 31.Qd4+ Kh7 32.Kd2 Qh1 33.Kc3 
Qxg2 34.Qf6 Qg3+ 35.Kb4 Qe1+ 36.Kb5 Qe6 37.Qd4 Qd7 38.Qf6 Bh5 39.Kb4 a5+ 
40.Kc3 Qg7 41.Qxg7+ Kxg7 42.Kd4 Kf6 43.Ne5 Ke6 44.Ke3 Be8 45.Nf3 h5 46.
Nd4+ Kf6 47.Kf3 b5 48.a3 b4 49.axb4 axb4 50.Ke3 h4 51.Ne2 h3 52.Ng3 Bg6 
0-1

[Event "zonal 1.7"]
[Site "Mezezers LAT"]
[Date "2000.06.11"]
[Round "6"]
[White "Kulaots, Kaido"]
[Black "Krakops, Maris"]
[Result "1-0"]
[WhiteElo "2499"]
[BlackElo "2518"]
[EventDate "2000.06.03"]
[PlyCount "49"]

1.e4 c5 2.Nf3 Nc6 3.d4 cxd4 4.Nxd4 Nf6 5.Nc3 d6 6.Bg5 Bd7 7.Qd2 Rc8 8.f4 
h6 9.Bxf6 gxf6 10.Nf5 Qa5 11.Bd3 e6 12.Ne3 a6 13.O-O h5 14.Kh1 Be7 15.a3 
Qc5 16.Ne2 b5 17.b4 Qb6 18.c3 h4 19.h3 Rh5 20.Bc2 Rd8 21.Bb3 Bf8 22.Ng4 
Be7 23.f5 e5 24.Nh6 Kf8 25.Nxf7 1-0

[Event "zonal 1.7"]
[Site "Mezezers LAT"]
[Date "2000.06.11"]
[Round "6"]
[White "Luckans, Arnolds"]
[Black "Slapikas, Vytautas"]
[Result "0-1"]
[WhiteElo "2421"]
[BlackElo "2423"]
[EventDate "2000.06.03"]
[PlyCount "224"]

1.d4 d6 2.Nf3 Bg4 3.g3 Bxf3 4.exf3 c6 5.Bg2 Nf6 6.O-O g6 7.b3 Bg7 8.Bb2 
O-O 9.Re1 d5 10.f4 e6 11.Nd2 a5 12.a4 b5 13.axb5 cxb5 14.c4 bxc4 15.bxc4 
Nc6 16.c5 Qc7 17.Qa4 Rfb8 18.Bc3 h5 19.Bf1 Nd7 20.Nb3 Rxb3 21.Qxb3 Nxd4 
22.Bxd4 Bxd4 23.Rac1 a4 24.Qa2 Nxc5 25.Red1 Bg7 26.Bd3 Qa7 27.Bc2 a3 28.
Rb1 Bc3 29.Rb5 Rc8 30.Rbb1 Qa5 31.f5 gxf5 32.Bxf5 Qa6 33.Bc2 Ra8 34.Rbc1 
Qa5 35.Rb1 Kf8 36.h4 Qa6 37.Bb3 Qa7 38.Kg2 Rb8 39.Qc2 Rxb3 40.Rxb3 Nxb3 
41.Qxc3 a2 42.Qb4+ Kg8 43.Qxb3 a1=Q 44.Rxa1 Qxa1 45.Qe3 Qf6 46.Kg1 Kg7 47.
Kg2 Qf5 48.Kg1 e5 49.Qd2 d4 50.Kh2 Kg6 51.Kg1 Qb1+ 52.Kh2 f6 53.Qa5 Qf1 
54.Qa2 Kg7 55.Qb2 Qa6 56.Qb4 Qa7 57.Qd6 Qb7 58.Qd8 Qf7 59.Kg1 Kg6 60.Kh2 
Kg7 61.Qd6 Qa7 62.Kg1 Qb7 63.Qd8 Qa7 64.Kg2 Kg6 65.Qg8+ Qg7 66.Qd8 Qf7 67.
Kg1 Qe6 68.Kh2 Kf5 69.Qc7 Qe8 70.Qc2+ Ke6 71.Qc4+ Kd6 72.Qb4+ Ke6 73.Qc4+ 
Ke7 74.Qc5+ Kf7 75.Qc7+ Qe7 76.Qc4+ Kg7 77.Qd5 f5 78.Kg1 Qf6 79.Qd7+ Kh6 
80.Qd5 e4 81.Kg2 d3 82.Kg1 Kg7 83.Qd7+ Qf7 84.Qd4+ Kg8 85.Qd8+ Kh7 86.Qd6 
Kg7 87.Qd4+ Qf6 88.Qd7+ Kg6 89.Qd5 Qe7 90.Qg8+ Kf6 91.Qh8+ Kg6 92.Qg8+ Qg7
93.Qe6+ Qf6 94.Qg8+ Kh6 95.Qd5 Qf8 96.Qe6+ Kg7 97.Qd7+ Kf6 98.Qd4+ Ke6 99.
Qc4+ Kd7 100.Qb5+ Kc7 101.Qc4+ Kb6 102.Qb3+ Ka5 103.Qa2+ Kb5 104.Qb3+ Qb4 
105.Qd5+ Qc5 106.Qb3+ Ka5 107.Qa2+ Kb4 108.Qb2+ Kc4 109.Kf1 Qb4 110.Qa2+ 
Kc3 111.Qa1+ Kc2 112.Qa2+ Qb2 0-1

[Event "zonal 1.7"]
[Site "Mezezers LAT"]
[Date "2000.06.11"]
[Round "6"]
[White "Miezis, Normunds"]
[Black "Labuckas, Aidas"]
[Result "1-0"]
[WhiteElo "2481"]
[BlackElo "2307"]
[EventDate "2000.06.03"]
[PlyCount "113"]

1.c4 g6 2.Nc3 c5 3.g3 Bg7 4.Bg2 Nc6 5.d3 d6 6.a3 Bd7 7.Bd2 a5 8.Rb1 Nf6 9.
h4 h5 10.Nh3 Ng4 11.Nf4 Bd4 12.e3 Bg7 13.Ne4 Nge5 14.Bc3 Bg4 15.f3 Bf5 16.
Nf2 Bc8 17.Qe2 e6 18.d4 Nd7 19.Ne4 O-O 20.d5 exd5 21.cxd5 Nce5 22.Nxd6 Nb6
23.Nxc8 Nxc8 24.O-O Nd6 25.Rfc1 c4 26.Kh2 b5 27.Rd1 Re8 28.e4 Qb6 29.Kh1 
Qd8 30.Qf2 Rb8 31.Qd2 Ra8 32.Ne2 Nd3 33.Rf1 Qb6 34.Kh2 Ne5 35.Rbd1 Kh7 36.
Bxe5 Bxe5 37.f4 c3 38.Qd3 Bg7 39.bxc3 Nc4 40.e5 Ne3 41.d6 Nxf1+ 42.Rxf1 
Rad8 43.Nd4 b4 44.axb4 axb4 45.Rb1 f6 46.Rxb4 Qc5 47.Rb5 Qa3 48.exf6 Bxf6 
49.Rb7+ Bg7 50.Nf5 Rg8 51.Bd5 Qc5 52.Bxg8+ Rxg8 53.Nxg7 Qf2+ 54.Kh3 Kh6 
55.Nxh5 Qe1 56.Rb1 Qe6+ 57.f5 1-0

[Event "zonal 1.7"]
[Site "Mezezers LAT"]
[Date "2000.06.12"]
[Round "7"]
[White "Kiik, Kalle"]
[Black "Kveinys, Aloyzas"]
[Result "1-0"]
[WhiteElo "2445"]
[BlackElo "2496"]
[EventDate "2000.06.03"]
[PlyCount "83"]

1.e4 c5 2.Nf3 e6 3.c3 Nf6 4.e5 Nd5 5.d4 cxd4 6.cxd4 d6 7.Nc3 Nxc3 8.bxc3 
Nc6 9.exd6 Qxd6 10.Bd3 Be7 11.O-O O-O 12.Qc2 h6 13.Qe2 Bd7 14.Qe4 f5 15.
Qe2 Bf6 16.Re1 Rfe8 17.a4 Rac8 18.Ba3 Qc7 19.Qa2 Kh8 20.Rac1 e5 21.Bf1 e4 
22.Nd2 Bg5 23.Rcd1 Na5 24.Bb4 Bf4 25.g3 Bd6 26.Qa3 Bxb4 27.cxb4 Qd6 28.Qb2
Nc6 29.Nc4 Qxb4 30.Qxb4 Nxb4 31.Nd6 Bxa4 32.Rb1 a5 33.Nxc8 Rxc8 34.Rec1 
Rd8 35.Rc5 b6 36.Rxf5 Bc2 37.Rc1 Rxd4 38.Rb5 Rd2 39.Rxb6 Nd3 40.Rb8+ Kh7 
41.Rd8 a4 42.Rxc2 1-0

[Event "zonal 1.7"]
[Site "Mezezers LAT"]
[Date "2000.06.12"]
[Round "7"]
[White "Klovans, Janis"]
[Black "Kulaots, Kaido"]
[Result "0-1"]
[WhiteElo "2492"]
[BlackElo "2499"]
[EventDate "2000.06.03"]
[PlyCount "134"]

1.e4 c5 2.Nf3 d6 3.d4 cxd4 4.Nxd4 Nf6 5.Nc3 a6 6.Be2 e5 7.Nb3 Be7 8.a4 O-O
9.O-O Nc6 10.Be3 Be6 11.f3 Nb4 12.Bf2 Rc8 13.Nc1 d5 14.exd5 Nfxd5 15.Nxd5 
Nxd5 16.Nd3 Qc7 17.c4 Nb4 18.Nxb4 Bxb4 19.Qb3 Bc5 20.Qc3 a5 21.Rad1 Rfd8 
22.b3 Bxf2+ 23.Kxf2 Qc5+ 24.Qe3 Rd4 25.Rfe1 Rcd8 26.Bf1 b6 27.Rxd4 Rxd4 
28.Re2 f6 29.g3 Kf7 30.f4 Bg4 31.Re1 Rd2+ 32.Kg1 exf4 33.gxf4 Rb2 34.Qxc5 
bxc5 35.Re3 Bd1 36.Bg2 Rxb3 37.Bd5+ Kg6 38.Re7 Rb4 39.Rc7 Rxa4 40.Rxc5 Ra1
41.Kf2 a4 42.Ra5 Bb3 43.Be4+ Kh6 44.c5 a3 45.c6 a2 46.Ra3 Be6 47.f5 Bf7 
48.Ke2 Rb1 49.Kd2 Rb2+ 50.Kc1 Rb4 51.Bd3 Rb6 52.Be4 Rb4 53.Bd3 Rb6 54.Be4 
Rb5 55.Kd2 Kg5 56.Ra6 Rc5 57.Ke3 Rc1 58.Kd2 Rc5 59.Ke3 h6 60.Ra7 Rc1 61.
Kd2 Rc5 62.Ke3 Kh4 63.Ra3 Rc3+ 64.Rxc3 a1=Q 65.Rc2 Qa7+ 66.Kd3 Qc7 67.Rb2 
Qd6+ 0-1

[Event "zonal 1.7"]
[Site "Mezezers LAT"]
[Date "2000.06.12"]
[Round "7"]
[White "Krakops, Maris"]
[Black "Cmilyte, Viktorija"]
[Result "1-0"]
[WhiteElo "2518"]
[BlackElo "2329"]
[EventDate "2000.06.03"]
[PlyCount "45"]

1.e4 c5 2.Nf3 Nc6 3.Bb5 e6 4.O-O Nge7 5.b3 a6 6.Bxc6 Nxc6 7.Bb2 b5 8.a4 b4
9.d3 d6 10.d4 cxd4 11.Nxd4 Bb7 12.Nxc6 Bxc6 13.Nd2 Qc7 14.Rc1 Qb7 15.c3 
bxc3 16.Rxc3 Be7 17.Nc4 Bxe4 18.Nxd6+ Bxd6 19.Qxd6 Qd5 20.Qg3 h6 21.h4 Kf8
22.Rfc1 Rd8 23.Rc5 1-0

[Event "zonal 1.7"]
[Site "Mezezers LAT"]
[Date "2000.06.12"]
[Round "7"]
[White "Labuckas, Aidas"]
[Black "Ehlvest, Jaan"]
[Result "0-1"]
[WhiteElo "2307"]
[BlackElo "2622"]
[EventDate "2000.06.03"]
[PlyCount "136"]

1.Nf3 c5 2.e4 e6 3.d4 cxd4 4.Nxd4 Nf6 5.Nc3 d6 6.g3 Nc6 7.Bg2 Bd7 8.Nde2 
a6 9.O-O b5 10.a3 Rc8 11.h3 h6 12.Be3 Ne5 13.b3 Be7 14.f4 Ng6 15.Qe1 Qc7 
16.Qf2 Bc6 17.Nd4 Ba8 18.Nde2 O-O 19.Rfd1 Rfe8 20.Ra2 Bb7 21.Bd4 Qb8 22.
Bf3 Qa8 23.Qg2 e5 24.Bf2 exf4 25.gxf4 Rc7 26.Nd5 Nxd5 27.exd5 Bf6 28.f5 
Nh4 29.Bxh4 Bxh4 30.Nf4 Qa7+ 31.Kh1 Qf2 32.Qxf2 Bxf2 33.c4 Bh4 34.Re2 Rxe2
35.Bxe2 bxc4 36.bxc4 Re7 37.Bg4 Re1+ 38.Kg2 Rxd1 39.Bxd1 Kf8 40.Kf3 Bf6 
41.Nd3 Bd4 42.Ke4 Bg1 43.Nf4 Bc5 44.a4 Ba3 45.f6 g6 46.Nd3 h5 47.Bf3 Bc8 
48.Bg2 Bf5+ 49.Kd4 Bxd3 50.Kxd3 Bc5 51.Ke4 a5 52.Kf4 Kg8 53.Be4 Kh7 54.Bd3
Kh6 55.Be2 Bg1 56.Bd1 Bh2+ 57.Ke4 Bg1 58.Kf4 Bh2+ 59.Ke4 Kg5 60.c5 dxc5 
61.Be2 Kxf6 62.Bb5 Ke7 63.Kd3 Bd6 64.Ba6 f5 65.Bc8 Kf6 66.Bd7 g5 67.Be8 g4
68.Bxh5 gxh3 0-1

[Event "zonal 1.7"]
[Site "Mezezers LAT"]
[Date "2000.06.12"]
[Round "7"]
[White "Meijers, Viesturs"]
[Black "Butnorius, Algimantas"]
[Result "0-1"]
[WhiteElo "2482"]
[BlackElo "2434"]
[EventDate "2000.06.03"]
[PlyCount "54"]

1.e4 e5 2.Nf3 Nc6 3.Bb5 a6 4.Bxc6 dxc6 5.O-O Qd6 6.d4 exd4 7.Nxd4 Bd7 8.
Be3 O-O-O 9.Nd2 Qg6 10.Qe2 Nh6 11.f3 f5 12.e5 Re8 13.Bf4 c5 14.N4b3 Nf7 
15.Rfe1 Qe6 16.Bg3 g5 17.a4 h5 18.h4 Rg8 19.hxg5 Nxg5 20.Kh2 h4 21.Bxh4 
Rh8 22.Qf2 Be7 23.g3 f4 24.Rh1 fxg3+ 25.Kxg3 Reg8 26.Kf4 Qxe5+ 27.Kxe5 
Bd6+ 0-1

[Event "zonal 1.7"]
[Site "Mezezers LAT"]
[Date "2000.06.12"]
[Round "7"]
[White "Rotsagov, Mihhail"]
[Black "Luckans, Arnolds"]
[Result "1-0"]
[WhiteElo "2542"]
[BlackElo "2421"]
[EventDate "2000.06.03"]
[PlyCount "47"]

1.e4 d6 2.d4 g6 3.f4 Bg7 4.Nf3 Nf6 5.e5 dxe5 6.fxe5 Nfd7 7.Bc4 Nb6 8.Bb3 
O-O 9.O-O c5 10.c3 Nc6 11.Ng5 c4 12.Bc2 Nd5 13.Qe2 b5 14.a4 Qb6 15.Na3 a6 
16.Kh1 Rb8 17.Qe4 Nc7 18.axb5 axb5 19.Be3 Qb7 20.Qh4 h5 21.Nxf7 Rxf7 22.
Bxg6 Rxf1+ 23.Rxf1 Bg4 24.Bf7+ 1-0

[Event "zonal 1.7"]
[Site "Mezezers LAT"]
[Date "2000.06.12"]
[Round "7"]
[White "Slapikas, Vytautas"]
[Black "Miezis, Normunds"]
[Result "1/2-1/2"]
[WhiteElo "2423"]
[BlackElo "2481"]
[EventDate "2000.06.03"]
[PlyCount "91"]

1.e4 c5 2.c3 d5 3.exd5 Qxd5 4.d4 e6 5.Nf3 Nf6 6.Bd3 Be7 7.O-O O-O 8.Be3 
Rd8 9.Qe2 Nc6 10.a3 Qh5 11.Nbd2 cxd4 12.cxd4 Bd6 13.h3 Nd5 14.Ne4 Bf4 15.
Nc3 Nce7 16.Be4 Bd6 17.Bg5 f6 18.Bd2 Bd7 19.Rfe1 Rac8 20.Rac1 Nf4 21.Bxf4 
Bxf4 22.Rcd1 Nd5 23.Qc2 Bd6 24.Qb3 Nf4 25.Ne2 Nxe2+ 26.Rxe2 Qb5 27.Qxb5 
Bxb5 28.Rc2 Ba4 29.Rxc8 Rxc8 30.Re1 b6 31.Bb7 Re8 32.Rc1 Kf7 33.g3 Ke7 34.
Be4 g6 35.Kf1 Rd8 36.Ke2 Bb5+ 37.Ke3 e5 38.b4 a5 39.bxa5 bxa5 40.Rc3 Bd7 
41.h4 Rb8 42.dxe5 fxe5 43.h5 Kf6 44.hxg6 hxg6 45.Nd2 Be6 46.Bd3 1/2-1/2

[Event "zonal 1.7"]
[Site "Mezezers LAT"]
[Date "2000.06.13"]
[Round "8"]
[White "Butnorius, Algimantas"]
[Black "Luckans, Arnolds"]
[Result "1/2-1/2"]
[WhiteElo "2434"]
[BlackElo "2421"]
[EventDate "2000.06.03"]
[PlyCount "152"]

1.d4 d5 2.Nf3 Nf6 3.c4 e6 4.Nc3 Be7 5.Bg5 O-O 6.e3 Nbd7 7.Rc1 c6 8.Bd3 h6 
9.Bh4 dxc4 10.Bxc4 b5 11.Bd3 Bb7 12.O-O a6 13.a4 b4 14.Bxf6 gxf6 15.Ne4 f5
16.Nc5 Nxc5 17.dxc5 Bf6 18.Qb3 a5 19.Rfd1 Qc7 20.Rd2 Rfd8 21.Rcd1 Qe7 22.
Qc2 Rd5 23.Rc1 Rad8 24.Be2 b3 25.Qd1 Rxd2 26.Nxd2 Bxb2 27.Rb1 Qf6 28.Bf1 
Bc8 29.Qe2 Bc3 30.Nxb3 e5 31.Qc2 Bb4 32.Bc4 f4 33.e4 Kh7 34.Rd1 Rg8 35.f3 
Bh3 36.Bf1 Be6 37.Bc4 Bc8 38.Kh1 Rg7 39.Qf2 Qg5 40.Rc1 Qd8 41.Qe2 Qe7 42.
Ba6 Be6 43.Bc4 Rg8 44.Rd1 Bc8 45.Ba6 Bxa6 46.Qxa6 Bxc5 47.Nxa5 Qg5 48.Qe2 
Rg6 49.Rd7 Kg7 50.Qa2 Rf6 51.Nc4 Qh4 52.Qe2 Re6 53.a5 Re7 54.Rxe7 Qxe7 55.
g3 fxg3 56.hxg3 Bd4 57.Kg2 h5 58.Ne3 Qb4 59.Nf5+ Kg6 60.Nh4+ Kf6 61.f4 
exf4 62.gxf4 Qxa5 63.e5+ Bxe5 64.fxe5+ Qxe5 65.Qf2+ Ke6 66.Nf3 Qd5 67.Qe3+
Kd7 68.Qa7+ Ke6 69.Qe3+ Kd6 70.Qa3+ c5 71.Qa6+ Ke7 72.Qa7+ Kf6 73.Kf2 Kf5 
74.Qe7 Kg6 75.Ne5+ Kf5 76.Nf3 Kg6 1/2-1/2

[Event "zonal 1.7"]
[Site "Mezezers LAT"]
[Date "2000.06.13"]
[Round "8"]
[White "Cmilyte, Viktorija"]
[Black "Klovans, Janis"]
[Result "1/2-1/2"]
[WhiteElo "2329"]
[BlackElo "2492"]
[EventDate "2000.06.03"]
[PlyCount "93"]

1.d4 Nf6 2.c4 e6 3.Nf3 d5 4.Nc3 Be7 5.Bg5 O-O 6.e3 h6 7.Bh4 b6 8.Qb3 Bb7 
9.Bxf6 Bxf6 10.cxd5 exd5 11.Rd1 Qd6 12.Bd3 c5 13.dxc5 Qxc5 14.O-O Rd8 15.
Rc1 Nd7 16.Rfd1 Qe7 17.Bb1 Nc5 18.Qc2 g6 19.Nd4 Rac8 20.Qe2 a6 21.a3 Ne4 
22.Qe1 Nxc3 23.Rxc3 Rxc3 24.Qxc3 Rc8 25.Qd2 Rc5 26.h3 a5 27.Ba2 Rc8 28.Bb3
Kh7 29.Qe2 Rc5 30.Ba2 Qc7 31.Qd2 Qc8 32.Bb1 Qe8 33.b4 axb4 34.Qxb4 Qd8 35.
Bd3 Qc7 36.Qb1 Ra5 37.Nb5 Qe5 38.Qb3 Qb2 39.Rb1 Qxb3 40.Rxb3 Ba6 41.Nc7 
Bc4 42.Rxb6 Be5 43.Bxc4 dxc4 44.Rc6 Rxa3 45.f4 Bxc7 46.Rxc7 Rxe3 47.Rxc4 
1/2-1/2

[Event "zonal 1.7"]
[Site "Mezezers LAT"]
[Date "2000.06.13"]
[Round "8"]
[White "Ehlvest, Jaan"]
[Black "Slapikas, Vytautas"]
[Result "1-0"]
[WhiteElo "2622"]
[BlackElo "2423"]
[EventDate "2000.06.03"]
[PlyCount "67"]

1.c4 e5 2.g3 Nc6 3.Bg2 d6 4.Nc3 Be6 5.d3 Qd7 6.Rb1 g6 7.b4 Bg7 8.b5 Nd8 9.
Nd5 f5 10.e3 c6 11.bxc6 bxc6 12.Nc3 Ne7 13.Nge2 O-O 14.O-O g5 15.f4 gxf4 
16.exf4 e4 17.Ba3 Nf7 18.dxe4 Bxc4 19.Qa4 Qe6 20.e5 Bxe2 21.Nxe2 dxe5 22.
fxe5 Qxe5 23.Nf4 Rfe8 24.Kh1 Nd5 25.Bb2 Qd6 26.Bxg7 Kxg7 27.Nxd5 cxd5 28.
Rxf5 Ne5 29.Rb7+ Re7 30.Rxe7+ Qxe7 31.Qd4 Re8 32.Bxd5 Qd6 33.Rf7+ Kh8 34.
Rxh7+ 1-0

[Event "zonal 1.7"]
[Site "Mezezers LAT"]
[Date "2000.06.13"]
[Round "8"]
[White "Kulaots, Kaido"]
[Black "Kiik, Kalle"]
[Result "1-0"]
[WhiteElo "2499"]
[BlackElo "2445"]
[EventDate "2000.06.03"]
[PlyCount "95"]

1.d4 d5 2.c4 e6 3.Nf3 c5 4.cxd5 exd5 5.g3 Nc6 6.Bg2 Nf6 7.O-O Be7 8.Nc3 
O-O 9.dxc5 Bxc5 10.Bg5 d4 11.Bxf6 Qxf6 12.Nd5 Qd8 13.Nd2 Be6 14.Nf4 Bg4 
15.Ne4 Bb6 16.Rc1 Re8 17.h3 Be6 18.a3 Qe7 19.b4 Rad8 20.Nc5 Bxc5 21.Rxc5 
Bc8 22.Qd2 h6 23.Rfc1 d3 24.exd3 Nd4 25.Rc7 Qf6 26.Re1 Qd6 27.Rc4 b5 28.
Rc5 Nb3 29.Rxe8+ Rxe8 30.Rc6 Qd8 31.Qc3 Bb7 32.Qxb3 Re1+ 33.Kh2 Bxc6 34.
Bxc6 Qd4 35.Kg2 Qa1 36.Be4 Rg1+ 37.Kf3 g5 38.Ne2 Qf6+ 39.Ke3 Rf1 40.f3 
Qb6+ 41.d4 a5 42.Qc3 axb4 43.axb4 Qa6 44.d5 Qa7+ 45.Qd4 Qa3+ 46.Bd3 Qa2 
47.d6 Qe6+ 48.Kd2 1-0

[Event "zonal 1.7"]
[Site "Mezezers LAT"]
[Date "2000.06.13"]
[Round "8"]
[White "Kveinys, Aloyzas"]
[Black "Labuckas, Aidas"]
[Result "1/2-1/2"]
[WhiteElo "2496"]
[BlackElo "2307"]
[EventDate "2000.06.03"]
[PlyCount "123"]

1.d4 d5 2.Nf3 Nf6 3.c4 c6 4.Qc2 g6 5.Bf4 Bg7 6.e3 O-O 7.Nc3 Na6 8.h3 dxc4 
9.Bxc4 Nb4 10.Qb3 Nbd5 11.Be5 Nb6 12.Be2 Be6 13.Qc2 Bc4 14.Bxf6 exf6 15.
O-O Bxe2 16.Qxe2 Re8 17.b4 f5 18.Qd3 Qd6 19.Rab1 Rad8 20.Rfd1 a6 21.Qc2 
Qe7 22.a4 Rc8 23.Ne1 Nc4 24.Rb3 Nd6 25.Ne2 Bh6 26.Nf3 Ne4 27.Ne5 Bg7 28.
Nd3 Bh6 29.Nc5 Nd6 30.Qa2 Red8 31.Rbd3 Ne4 32.Nc3 Nxc3 33.Rxc3 f4 34.e4 b6
35.Nxa6 Qxe4 36.Qc4 Bg7 37.d5 Qf5 38.Rcd3 cxd5 39.Qb5 Qe6 40.a5 bxa5 41.
Qxa5 Qe2 42.b5 Bc3 43.Qb6 d4 44.Qf6 Be1 45.Qxf4 Rc2 46.Kh2 Bxf2 47.Kh1 Be3
48.Qe4 Rb2 49.Nc5 Rxb5 50.Ne6 Rf5 51.Qxe3 Qxe3 52.Rxe3 fxe6 53.Rxe6 Kf7 
54.Re4 d3 55.Re3 d2 56.Re2 Rfd5 57.Kg1 R8d7 58.Kf2 Kf6 59.Re3 h5 60.Ke2 
Kf7 61.Rf1+ Kg7 62.Rd1 1/2-1/2

[Event "zonal 1.7"]
[Site "Mezezers LAT"]
[Date "2000.06.13"]
[Round "8"]
[White "Meijers, Viesturs"]
[Black "Krakops, Maris"]
[Result "0-1"]
[WhiteElo "2482"]
[BlackElo "2518"]
[EventDate "2000.06.03"]
[PlyCount "80"]

1.e4 c5 2.Nf3 e6 3.d4 cxd4 4.Nxd4 Nf6 5.Bd3 Nc6 6.Nf3 d5 7.exd5 Nxd5 8.O-O
Be7 9.a3 Qc7 10.g3 O-O 11.c4 Nf6 12.Nc3 b6 13.Nb5 Qb7 14.Bf4 e5 15.Nxe5 
Nxe5 16.Bxe5 Bh3 17.f3 Bxf1 18.Qxf1 Rad8 19.b4 a6 20.Nd4 Rfe8 21.Nf5 Bc5+ 
22.bxc5 Rxe5 23.cxb6 Qxb6+ 24.Kh1 g6 25.Rb1 Qc6 26.Nh4 Re3 27.Rd1 Kg7 28.
Kg2 Rd4 29.Be2 Qe6 30.Kf2 Rxa3 31.Rxd4 Qe3+ 32.Kg2 Qxd4 33.g4 Ra2 34.Kg3 
Qe5+ 35.Kf2 Ra1 36.Qh3 Qd4+ 37.Kg3 Rg1+ 38.Ng2 g5 39.c5 Ne4+ 40.fxe4 Qe3+ 
0-1

[Event "zonal 1.7"]
[Site "Mezezers LAT"]
[Date "2000.06.13"]
[Round "8"]
[White "Miezis, Normunds"]
[Black "Rotsagov, Mihhail"]
[Result "1/2-1/2"]
[WhiteElo "2481"]
[BlackElo "2542"]
[EventDate "2000.06.03"]
[PlyCount "132"]

1.c4 e6 2.e4 d5 3.exd5 exd5 4.d4 Nf6 5.Nc3 Be7 6.Nf3 O-O 7.Be2 dxc4 8.Bxc4
Bg4 9.Be3 Nc6 10.O-O Qd6 11.Re1 Rad8 12.h3 Bh5 13.Rc1 a6 14.a3 Rfe8 15.b4 
Bf8 16.Bf1 h6 17.b5 axb5 18.Nxb5 Qd7 19.g4 Bg6 20.Bf4 Rxe1 21.Nxe1 Nd5 22.
Bg3 Be7 23.Nf3 Bf6 24.Ne5 Nxe5 25.dxe5 Bg5 26.Ra1 Bf4 27.Qb3 Bxg3 28.Qxg3 
c6 29.Nd6 f6 30.Nc4 b5 31.Ne3 Nxe3 32.Qxe3 Qd4 33.Qxd4 Rxd4 34.exf6 gxf6 
35.Rc1 Be4 36.Bg2 Bxg2 37.Kxg2 Rd6 38.Rc5 Kg7 39.Kg3 Rd3+ 40.f3 Rxa3 41.
Rxc6 Re3 42.Rb6 h5 43.Rxb5 hxg4 44.Kxg4 Kg6 45.h4 Re1 46.h5+ Kh6 47.Rb6 
Rg1+ 48.Kf5 Rg5+ 49.Kxf6 Rxh5 50.Rb8 Kh7 51.Rb7+ Kh6 52.f4 Ra5 53.Re7 Ra4 
54.f5 Ra6+ 55.Re6 Ra7 56.Rd6 Rb7 57.Ra6 Rc7 58.Ra1 Rc6+ 59.Ke7 Kg5 60.Rf1 
Rc7+ 61.Ke6 Rc6+ 62.Ke7 Rc7+ 63.Kd6 Ra7 64.f6 Kg6 65.f7 Rxf7 66.Rxf7 Kxf7 
1/2-1/2

[Event "zonal 1.7"]
[Site "Mezezers LAT"]
[Date "2000.06.14"]
[Round "9"]
[White "Kiik, Kalle"]
[Black "Cmilyte, Viktorija"]
[Result "1-0"]
[WhiteElo "2445"]
[BlackElo "2329"]
[EventDate "2000.06.03"]
[PlyCount "69"]

1.Nf3 Nf6 2.e3 c5 3.b3 b6 4.Bb2 e6 5.Be2 Bb7 6.O-O Be7 7.c4 O-O 8.d4 cxd4 
9.Nxd4 Na6 10.Bf3 Qb8 11.Nc3 Nc5 12.Qc2 Bxf3 13.Nxf3 Qb7 14.Rad1 Rfd8 15.
Rd4 d5 16.cxd5 exd5 17.Rfd1 Rac8 18.Qf5 Ne6 19.R4d3 Nc5 20.R3d2 Ne6 21.h3 
Ne4 22.Ne5 Bf6 23.Nxe4 dxe4 24.Rd7 Rxd7 25.Rxd7 Rc7 26.Rxc7 Qxc7 27.Qxe4 
h6 28.f4 Qd8 29.Kh2 Qd2 30.Nc4 Qd8 31.Bxf6 gxf6 32.Qb7 Qd3 33.Qxa7 b5 34.
Qb8+ Kg7 35.Qxb5 1-0

[Event "zonal 1.7"]
[Site "Mezezers LAT"]
[Date "2000.06.14"]
[Round "9"]
[White "Klovans, Janis"]
[Black "Meijers, Viesturs"]
[Result "1/2-1/2"]
[WhiteElo "2492"]
[BlackElo "2482"]
[EventDate "2000.06.03"]
[PlyCount "31"]

1.e4 c5 2.Nf3 e6 3.d4 cxd4 4.Nxd4 a6 5.Bd3 Nc6 6.Nxc6 bxc6 7.O-O d5 8.exd5
cxd5 9.c4 Nf6 10.Nc3 Be7 11.cxd5 Nxd5 12.Be4 Bb7 13.Nxd5 Bxd5 14.Bxd5 Qxd5
15.Be3 Qxd1 16.Rfxd1 1/2-1/2

[Event "zonal 1.7"]
[Site "Mezezers LAT"]
[Date "2000.06.14"]
[Round "9"]
[White "Krakops, Maris"]
[Black "Butnorius, Algimantas"]
[Result "0-1"]
[WhiteElo "2518"]
[BlackElo "2434"]
[EventDate "2000.06.03"]
[PlyCount "134"]

1.e4 e5 2.Nf3 Nc6 3.Bb5 a6 4.Ba4 Nf6 5.O-O Be7 6.Re1 b5 7.Bb3 d6 8.c3 O-O 
9.h3 h6 10.d4 Re8 11.Nbd2 Bf8 12.a4 Bd7 13.Bc2 Qb8 14.d5 Ne7 15.c4 c6 16.
b3 Ng6 17.Nf1 Rc8 18.Ne3 Qc7 19.Bd2 Nf4 20.axb5 axb5 21.Rxa8 Rxa8 22.dxc6 
Qxc6 23.Nd5 N4xd5 24.cxd5 Qc5 25.Bd3 Be7 26.Qc1 Qxc1 27.Rxc1 Bd8 28.Bb4 
Ne8 29.Rc2 g6 30.Kh2 f5 31.Nd2 f4 32.Nb1 Kf7 33.Nc3 Ba5 34.Na2 Ke7 35.g3 
g5 36.Bxa5 Rxa5 37.Nb4 Ra3 38.Rc3 Kd8 39.Kg2 Ke7 40.Be2 Nf6 41.Bd3 Ra1 42.
Nc6+ Kf8 43.Nb8 Be8 44.gxf4 gxf4 45.Rc8 Ke7 46.Rc2 Re1 47.Nc6+ Kf8 48.Na7 
b4 49.Nc8 Bg6 50.Nxd6 Nxd5 51.Rc5 f3+ 52.Kxf3 Nf4 53.Bc4 Bh5+ 54.Kg3 Rg1+ 
55.Kh4 Bf3 56.Rc8+ Ke7 57.Nf5+ Kd7 58.Rg8 Ng6+ 59.Rxg6 Rxg6 60.Bd5 Rf6 61.
Ne3 Rf4+ 62.Kg3 Bxe4 63.Nc4 Rf3+ 64.Kg2 Re3+ 65.Kf1 Bd3+ 66.Kg2 Bxc4 67.
Bxc4 Rc3 0-1

[Event "zonal 1.7"]
[Site "Mezezers LAT"]
[Date "2000.06.14"]
[Round "9"]
[White "Labuckas, Aidas"]
[Black "Kulaots, Kaido"]
[Result "1/2-1/2"]
[WhiteElo "2307"]
[BlackElo "2499"]
[EventDate "2000.06.03"]
[PlyCount "45"]

1.c4 g6 2.d4 Bg7 3.e4 d6 4.Nc3 e5 5.d5 Nf6 6.Nf3 O-O 7.Be2 Nbd7 8.O-O h6 
9.Qc2 Nh7 10.Ne1 f5 11.exf5 gxf5 12.f4 e4 13.Be3 Nhf6 14.h3 a6 15.Qd1 Qe8 
16.Nc2 Nc5 17.Kh2 Bd7 18.Nd4 Kh8 19.g3 Na4 20.Nxa4 Bxa4 21.b3 Bd7 22.Rc1 
Qe7 23.Rg1 1/2-1/2

[Event "zonal 1.7"]
[Site "Mezezers LAT"]
[Date "2000.06.14"]
[Round "9"]
[White "Luckans, Arnolds"]
[Black "Miezis, Normunds"]
[Result "1/2-1/2"]
[WhiteElo "2421"]
[BlackElo "2481"]
[EventDate "2000.06.03"]
[PlyCount "115"]

1.d4 Nf6 2.Nf3 e6 3.Bg5 c5 4.e3 Qb6 5.Bxf6 gxf6 6.Nbd2 d5 7.c4 cxd4 8.Nxd4
dxc4 9.Bxc4 Nc6 10.Nxc6 bxc6 11.O-O Be7 12.Qg4 Kf8 13.Qh5 h6 14.Rab1 a5 
15.Rfd1 a4 16.b4 axb3 17.Nxb3 Qc7 18.Rd2 c5 19.Rbd1 f5 20.Bb5 Kg7 21.e4 c4
22.Rc2 Qe5 23.Bxc4 Qxe4 24.Bd3 Qe5 25.Re2 Qf6 26.Qf3 Ra4 27.Bb5 Rb4 28.a4 
Kh7 29.h3 Rg8 30.Na5 Rd4 31.Rxd4 Qxd4 32.Qd3 Qa1+ 33.Kh2 Rd8 34.Qc4 Rd1 
35.Nc6 Rh1+ 36.Kg3 Bd6+ 37.f4 Rf1 38.Ne5 Bb7 39.Rf2 Rxf2 40.Kxf2 Bxe5 41.
fxe5 Qxe5 42.Qb4 Kg7 43.Bf1 f4 44.Qb6 Bd5 45.Qc5 h5 46.a5 h4 47.Be2 Kf6 
48.a6 Qb2 49.a7 Qd2 50.Kf1 Bxg2+ 51.Kxg2 Qxe2+ 52.Qf2 f3+ 53.Kg1 Qd1+ 54.
Kh2 Qe2 55.Kg1 Qd1+ 56.Kh2 Qd6+ 57.Kg1 Qd1+ 58.Kh2 1/2-1/2

[Event "zonal 1.7"]
[Site "Mezezers LAT"]
[Date "2000.06.15"]
[Round "10"]
[White "Butnorius, Algimantas"]
[Black "Miezis, Normunds"]
[Result "1-0"]
[WhiteElo "2434"]
[BlackElo "2481"]
[EventDate "2000.06.03"]
[PlyCount "73"]

1.c4 c5 2.Nf3 Nc6 3.Nc3 g6 4.e3 Bg7 5.d4 f5 6.Be2 Nh6 7.O-O b6 8.b3 f4 9.
Bd3 O-O 10.Be4 Rb8 11.Bb2 fxe3 12.fxe3 cxd4 13.exd4 Ng4 14.Qd2 Bh6 15.Qe2 
e6 16.d5 Nb4 17.a3 Na6 18.b4 Nc7 19.Qd3 Rf7 20.Rae1 Bg7 21.dxe6 Nxe6 22.
Bxg6 hxg6 23.Rxe6 d5 24.Rxg6 Bf5 25.Rxg7+ Kxg7 26.Nxd5+ Kh7 27.Qd2 Kg8 28.
h3 Be4 29.hxg4 Bxd5 30.cxd5 b5 31.Qd4 Qb6 32.Rd1 Rd7 33.Qxb6 Rxb6 34.Be5 
Rg6 35.g5 a5 36.Bf6 axb4 37.axb4 1-0